00693nam a22002177a 450000100040000000500170000402000180002104000230003905000230006208200140008510000190009924500450011825000120016326000350017530000620021050500060027252001370027852100180041552100180043365000240045147020250814144516.0 a9780590453608 aDLCcDLCdDLCbeng00aPZ7.B2848bDi 198900a567.92191 aBarton, Byron.10aDinosaurs, dinosaurs /cby Byron Barton. a1st ed. aNew York :bScholastic.c1991. a20 leaves of plates :bcolor illustrations :c23 x 27 cm. aH aIn prehistoric days there were many different kinds of dinosaurs, big and small, those with spikes and those with long, sharp teeth. a520 bLexile aH bRaz-Plus 1aDinosaursxFiction.